Interior atmospheres / (Record no. 352954)

000 -LEADER
fixed length control field 01949 a2200289 4500
003 - CONTROL NUMBER IDENTIFIER
control field OSt
005 - DATE AND TIME OF LATEST TRANSACTION
control field 20180116192351.0
008 - FIXED-LENGTH DATA ELEMENTS--GENERAL INFORMATION
fixed length control field 120605t xxu||||| |||| 00| 0 eng d
020 ## - INTERNATIONAL STANDARD BOOK NUMBER
International Standard Book Number 9780470512548 (paperback)
020 ## - INTERNATIONAL STANDARD BOOK NUMBER
International Standard Book Number 9780470512548 (paperback)
040 ## - CATALOGING SOURCE
Transcribing agency 0
082 04 - DEWEY DECIMAL CLASSIFICATION NUMBER
Classification number 729
245 10 - TITLE STATEMENT
Title Interior atmospheres /
Statement of responsibility, etc. Julieanna Preston.
250 ## - EDITION STATEMENT
Edition statement 1st ed.
260 ## - PUBLICATION, DISTRIBUTION, ETC.
Place of publication, distribution, etc. London :
Name of publisher, distributor, etc. Wiley,
Date of publication, distribution, etc. 2008.
300 ## - PHYSICAL DESCRIPTION
Extent 128 p. :
Other physical details ill;
Dimensions 28 cm.
490 1# - SERIES STATEMENT
Series statement Architectural design.
520 ## - SUMMARY, ETC.
Summary, etc. What is exactly meant by "atmosphere" when describing a room? Does it refer to space, decor, lighting, or color? While often referred to in design magazines, atmosphere, and, more critically, the elements that create it, have rarely been analyzed. Written by a leading designer and academic, Interior Atmospheres , the latest issue of AD, offers an in-depth examination of the subject of interior atmosphere in three parts: the speculative, the evocative, and the conversant. In the speculative section, a number of prominent designers, such as Claudio Lazzarini and Philip Stark, "speculate" on an interior, creating original interiors. The evocative section deals with ephemeral projects and the more transient qualities of space. The conversant section features interviews with prominent designers and thinkers, including architect and theorist Joel Saunders and architect Wolf Prix. Here is a fascinating look at one of design's most compelling, yet elusive subjects for architects, interior designers, and students alike.
650 10 - SUBJECT ADDED ENTRY--TOPICAL TERM
Topical term or geographic name entry element Interior architecture
9 (RLIN) 3802
650 10 - SUBJECT ADDED ENTRY--TOPICAL TERM
Topical term or geographic name entry element Interior decoration
9 (RLIN) 3803
650 10 - SUBJECT ADDED ENTRY--TOPICAL TERM
Topical term or geographic name entry element Space (Architecture)
9 (RLIN) 3804
700 1# - ADDED ENTRY--PERSONAL NAME
Personal name Preston, Julieanna.
9 (RLIN) 3805
830 #0 - SERIES ADDED ENTRY--UNIFORM TITLE
Uniform title Architectural design.
9 (RLIN) 3806
856 40 - ELECTRONIC LOCATION AND ACCESS
Materials specified Amazon.com
Uniform Resource Identifier <a href="http://www.amazon.com/exec/obidos/ASIN/0470512547/chopaconline-20">http://www.amazon.com/exec/obidos/ASIN/0470512547/chopaconline-20</a>
942 ## - ADDED ENTRY ELEMENTS (KOHA)
Institution code [OBSOLETE] SADA
Koha item type Book
Call number prefix 729 INT 2008
Source of classification or shelving scheme
Holdings
Withdrawn status Lost status Source of classification or shelving scheme Damaged status Not for loan Permanent Location Current Location Date acquired Total Checkouts Total Renewals Full call number Barcode Date last seen Date last checked out Cost, replacement price Price effective from Koha item type
          School of Art Design and Architecture (SADA) School of Art Design and Architecture (SADA) 05/23/2011 5 3 729 INT 2008 SADA0001080 06/17/2013 06/12/2013 2653.00 08/05/2011 Book
© 2023 Central Library, National University of Sciences and Technology. All Rights Reserved.